Segunda Reunión Nacional de Estadística (Record no. 126562)

MARC details
000 -LEADER
campo de control de longitud fija 00523nam a2200157 4500
001 - NÚMERO DE CONTROL
campo de control 126562
003 - IDENTIFICADOR DE NÚMERO DE CONTROL
campo de control ES-MaACL
005 - FECHA Y HORA DE LA ÚLTIMA TRANSACCIÓN
campo de control 20230906192836.0
007 - CAMPO FIJO DE DESCRIPCIÓN FÍSICA--INFORMACIÓN GENERAL
campo de control de longitud fija t|
008 - DATOS DE LONGITUD FIJA--INFORMACIÓN GENERAL
campo de control de longitud fija 070214s1930 mx r ||||1| spa d
111 00 - ENTRADA PRINCIPAL--NOMBRE DE CONGRESO/REUNIÓN
Nombre de congreso/reunión o jurisdicción como elemento de entrada Reunión Nacional de Estadística (
Sede del congreso/Lugar de la reunión México (
Fecha del congreso o de la firma del tratado 1930 (
Número del congreso/reunión o número de parte o sección . 2ª)
9 (RLIN) 964
245 10 - MENCIÓN DEL TÍTULO
Título Segunda Reunión Nacional de Estadística
Resto del título : 30 de diciembre de 1929 a 8 de enero de 1930 : memoria.
260 ## - PUBLICACIÓN, DISTRIBUCIÓN, ETC.
Lugar de publicación, distribución, etc. México :
Nombre del editor, distribuidor, etc. [s.n.],
Fecha de publicación, distribución, etc. 1930 (
Fabricante Imp. Mundial)
300 ## - DESCRIPCIÓN FÍSICA
Extensión 262 p. ;
Dimensiones 23 cm.
852 ## - LOCALIZACIÓN
Ubicación ES-MaACL
Número de control de estantería A-3993
Holdings
Estatus retirado Estado de pérdida Estado de daño No para préstamo Biblioteca de origen Biblioteca actual Ubicación en estantería Fecha de adquisición Fuente de adquisición Total de préstamos Signatura topográfica completa Código de barras Visto por última vez Precio de reemplazo Tipo de ítem Koha
        Biblioteca del Ateneo de Madrid Biblioteca del Ateneo de Madrid Sala Pecera Planta 1 17/01/2008     A-3993 1131822 23/02/2023 23/02/2023 Libro impreso